Word Ladder #1 - Statistics

General Stats
  • This quiz has been taken 8 times
  • The average score is 19 of 19
Answer Stats
Hint Answer % Correct
Say the last word, but replace the first T with G Goat
100%
For example; Steak or chicken Meat
100%
What happens to butter when you microwave it Melt
100%
Not medium or spicy, but ____ Mild
100%
Found in the Netherlands: Wind____s Mill
100%
A castle has this body of water around it Moat
100%
An animal that burrows in the ground, also found on body Mole
100%
Same as #2 Mole
100%
Starting Word: Pole Pole
100%
Ending Word: Pole Pole
100%
Not a pebble, but a ____ Stone
100%
Add an S at the start, You put a pot on a ____ Stove
100%
Take away the S Tone
100%
A carrying bag for items Tote
100%
When your skin flares up after being hit; it ____ Welt
100%
You give items to others when you die through a ___ Will
100%
A flower does this when dying Wilt
100%
When you go from one position to another Move
86%
You can sculpt things through putting them in a ____ Mold
71%
No matching quizzes found
Score Distribution
Percent of People with Each Score
Percentile by Number Answered
Your Score History
You have not taken this quiz